Statistics for Himalayan Countries

Click here to take the quiz!

General Stats

  • This quiz has been taken 30,229 times
    (28,916 since last reset)
  • The average score is 5 of 5

Answer Stats

Country % Correct
Nepal
99%
India
97%
China
97%
Pakistan
90%
Bhutan
87%

Score Distribution

Percentile by Number Answered

Percent of People with Each Score

Your Score History

You have not taken this quiz since the last reset